| 000 | 00952nam a22002897a 4500 | ||
|---|---|---|---|
| 001 | 7292 | ||
| 003 | FISKH | ||
| 005 | 20250708140702.0 | ||
| 008 | 250708b cb ||||| |||| 00| 0 eng d | ||
| 020 | _a0590619667 | ||
| 040 |
_aFISKH _beng _cFISKH _dFISKH |
||
| 050 | _aPZ7.H4364 P | ||
| 082 | _a813.54 | ||
| 100 |
_aHesse, Karen _d(1952-) |
||
| 245 |
_aPhoenix rising / _cKaren Hesse |
||
| 250 | _aThis edition first published in 1995 | ||
| 260 |
_aNew York : _bScholastic, _c1994 |
||
| 300 |
_a181 pages : _c20 cm |
||
| 505 | _aP | ||
| 520 | _aThirteen-year-old Nyle learns about relationships and death when fifteen-year-old Ezra, who was exposed to radiation leaked from a nearby nuclear plant, comes to stay at her grandmother's Vermont farmhouse. | ||
| 521 | 8 |
_a610
_bLexile |
|
| 521 | 8 |
_aP
_bRaz-Plus |
|
| 650 |
_2Vermont _aNuclear accident |
||
| 650 |
_2Friendship _a Additional Read |
||
| 942 |
_2ddc _cBK _n0 |
||
| 999 |
_c7292 _d7292 |
||